00500nam a2200181 a 450000100060000000300080000600500170001400800410003103500190007204000260009104100080011708200250012510000180015024500690016826000410023730000230027865000170030159350BD-RjUL20211209080723.0161224s2002 bg ||||| |||| 00| 0 eng d a(BD-RjUL)59474 aBD-RjULbengcBD-RjUL aeng 223 a346 bAHC 2002  aAhmed, Nazir 10aContemporary issues on british law and politics / cNazir Ahmed  aDhaka : bMrs. Salma ahmaed, c2002  a151 p. ; c21 cm.  aPrivate law